|
|
|
|
| LEADER |
01196nam a2200313 a 4500 |
| 001 |
43526 |
| 003 |
BD-DhAAL |
| 005 |
20241020130034.0 |
| 008 |
241020t1998 njua b 001 0 eng |
| 010 |
|
|
|a 97036699
|
| 020 |
|
|
|a 013698763X
|
| 020 |
|
|
|a 0136817505
|
| 040 |
|
|
|a DLC
|c DLC
|d DLC
|d BD-DhAAL
|
| 050 |
0 |
0 |
|a HD30.28
|b .W75 1998
|
| 082 |
0 |
0 |
|a 658.4012
|2 21
|
| 100 |
1 |
|
|a Wright, Peter L.
|9 56986
|
| 245 |
1 |
0 |
|a Strategic management :
|b concepts /
|c Peter Wright, Mark J. Kroll and John A. Parnell.
|
| 250 |
|
|
|a fourth edition.
|
| 260 |
|
|
|a Upper Saddle River, NJ :
|b Prentice Hall,
|c c1998.
|
| 300 |
|
|
|a xiii, 336 pages :
|b col. illustrations ;
|c 26 cm.
|
| 504 |
|
|
|a Includes bibliographical references and indexes.
|
| 541 |
|
|
|a Savar campus library
|e 43526
|
| 650 |
|
0 |
|a Strategic planning.
|
| 650 |
|
0 |
|a Strategic planning
|x Case studies.
|9 6032
|
| 700 |
1 |
|
|a Kroll, Mark J.
|9 56987
|
| 700 |
1 |
|
|a Parnell, John A.
|q (John Alan),
|d 1964-
|9 56988
|
| 942 |
|
|
|2 ddc
|c BK
|
| 999 |
|
|
|c 47027
|d 47027
|
| 952 |
|
|
|0 0
|1 0
|2 ddc
|4 0
|6 658_401200000000000_WRI
|7 0
|9 76700
|a SCL
|b SCL
|c GEN
|d 2024-10-20
|e Savar Campus Library
|l 0
|o 658.4012 WRI
|p 3020043526
|r 2024-10-20
|t 1
|w 2024-10-20
|y BK
|x Price not available in register.
|